Представление документа в формате MARC21

ПолеНазваниеЗначение
  Тип записи a
  Библиографический уровень m
001 Контрольный номер RU\infra-m\znanium\bibl\2235081
005 Дата корректировки 20260429142117.6
008 Кодируемые данные 260120s2025 RU g rus u
020 Индекс ISBN __
a ISBN 978-5-9614-2000-5
040 Источник каталогиз. __
a Служба первич. каталог. Общество с ограниченной ответственностью «ЗНАНИУМ»
041 Код языка издания __
a Код языка текста rus
044 Код страны публикации __
a Код страны публикации RU
080 Индекс УДК __
a Индекс УДК 929
084 Индекс другой классификации/Индекс ББК __
2 Источник индекса rubbk
a Индекс другой классификации/Индекс ББК 84
100 Автор __
a Автор Король С.
q Полное имя Король Сергей
245 Заглавие __
a Заглавие Чему я могу научиться у Стивена Хокинга
b Продолж. заглавия Научно-популярная литература
250 Сведения об издании __
a Основные сведения об издании 1
260 Выходные данные __
a Место издания Москва
b Издательство ООО "Альпина Паблишер"
c Дата издания 2026
300 Физическое описание __
a Объем 32 с.
440 Серия __
a Серия Уроки жизни
520 Аннотация __
a Аннотация Стивен Хокинг — британский физик писатель популяризатор науки. Его лекции книги и выступления вдохновляли сотни людей на новые открытия и главное — веру в себя и возможности человеческого разума. В этой иллюстрированной биографии автор показывает новому поколению ребят что любые даже самые тяжёлые жизненные обстоятельства можно преодолеть если верить в свои силы и радоваться каждому дню.
521 Примеч. о цел. назн. __
a Примеч. о целев. назн. Дополнительное образование детей
650 Тематические рубрики __
a Основная рубрика Художественная литература. Досуг
x Основная подрубрика Детская научно-популярная и справочная литература
655 Указ. предметных рубрик (устаревшее) __
a Жанр/ форма (устаревшее) Научно-популярная литература
856 Электронный адрес документа 4_
a Имя сервера/домена znanium.ru
m Помощь ebs_support@infra-m.ru
n Местонахождение сервера НИЦ ИНФРА-М
u URL https://znanium.ru/catalog/document?id=473460
856 Электронный адрес документа 48
a Имя сервера/домена znanium.ru
d Путь /cover/2235
f Электронное имя 2235081.jpg
q Тип электронного формата image/jpeg
u URL https://znanium.ru/cover/2235/2235081.jpg
911 __
u 0030=https://znanium.ru/catalog/document?id=473460